| 000 | 00854nam a22002415a 4500 | ||
|---|---|---|---|
| 003 | OSt | ||
| 005 | 20170226124925.0 | ||
| 008 | 170226s2005 ua frb 000 0 ara d | ||
| 040 |
_aEG-ScBUE _bara _cEG-ScBUE |
||
| 043 | _af-ua--- | ||
| 082 | 0 | 4 |
_a346.6202 _bن ج ي _222 |
| 100 | 1 | _aنجيدة، علي. | |
| 245 | 1 | 2 |
_aالنظرية العامة للالتزام / _cعلي نجيدة. |
| 260 |
_aالقاهرة : _bدار النهضة العربية، _c2005. |
||
| 300 |
_a477 ص. ؛ _c24 سم. |
||
| 504 | _aيشتمل على إرجاعات ببليوجرافية. | ||
| 505 | 2 | _aمج. 1. مصادر الالتزام. | |
| 650 | 7 |
_aالالتزامات _xقوانين وتشريعات _zمصر. _2BUEsh |
|
| 650 | 7 |
_aالعقود (قانون مدنى) _zمصر _2BUEsh _940832 |
|
| 651 | _2BUEsh | ||
| 653 |
_bLLAAWW _cFebruary2017 |
||
| 942 | _2ddc | ||
| 999 |
_c24262 _d24234 |
||